| 000 | 01305nam a2200313 c 4500 | ||
|---|---|---|---|
| 003 | BLK | ||
| 005 | 20180422114229.0 | ||
| 008 | 180411b bul|||||r ||||||| ||bul|| | ||
| 010 | _aKNG00175940000 | ||
| 040 | _aBLK | ||
| 041 |
_aBUL _cBUL |
||
| 080 |
_aСредства за защита. Средства за нападение - Шипове, заплашителни звуци, отровни секрети, мимикрия и т. н. _b591.57 _x(02.062) _z591.57(02.062) |
||
| 100 | 1 |
_aЙосифов, Михаил Владимиров _eпърви автор _9368226 |
|
| 139 |
_aЙосифов, Михаил Владимиров _bИ 84 |
||
| 245 | 1 | 0 |
_aЗащитни форми и багри в животинския свят _cМихаил Владимиров Йосифов. |
| 257 | _aBGR | ||
| 260 |
_аСофия _bНар. просв. _c1960 |
||
| 300 |
_a65 с. _bс ил. _c18 см |
||
| 380 | _a5 | ||
| 490 | 1 |
_aПриродонаучна библиотека _v4 |
|
| 500 | _a10 077 тир. | ||
| 650 | 4 |
_aМимикрия - при животните _9162231 |
|
| 653 | _aмимикрия | ||
| 852 | _aЦб І 3565 | ||
| 856 | 4 |
_qpdf _u |
|
| 856 | 4 |
_qpdf _u |
|
| 942 |
_cKNG _n0 |
||
| 944 |
_aCR _c28.05.2015 _lф / _kЛюдмила_Стоянова |
||
| 944 |
_aED _c28.09.2017 _lф / _kВася_Ганчева |
||
| 999 |
_c168070 _d168070 |
||